Statistiques concernant Communes Limitrophes de Metz

Cliquez ici pour prendre le quiz!

Statistiques générales

  • Ce quiz a été pris 189 fois
  • Le résultat moyen est 6 sur 14

Statistiques - réponses

Communes% Correct
NordWoippy
85%
Sud-OuestMarly
66%
Nord-EstSaint-Julien-lès-Metz
63%
Sud-OuestMontigny-lès-Metz
58%
OuestLongeville-lès-Metz
56%
Sud-EstPeltre
37%
Sud-EstArs-Laquenexy
35%
Nord-OuestPlappeville
34%
NordLa Maxe
26%
Nord-OuestLorry-lès-Metz
25%
OuestLe Ban-Saint-Martin
22%
EstVantoux
21%
SudPouilly
16%
EstCoincy
11%

Distribution des résultats

Percentile par nombre de réponses

% des personnes avec chaque résultat

Votre développement - résultats

Vous n’avez pas pris ce quiz